| 000 | 00664nam a2200265Ia 4500 | ||
|---|---|---|---|
| 005 | 20250425161844.0 | ||
| 008 | 250425s9999 xx 000 0 und d | ||
| 020 | _a0930204263 | ||
| 041 | _aeng | ||
| 082 | _a658 | ||
| 100 | _aO'DONNELL, MICHAEL | ||
| 245 | 0 | _aTHE BUSINESS PLAN: A STATE-OF-THE-ART GUIDE | |
| 250 | _a2ND ED. | ||
| 260 |
_aEstados Unidos _bLORD PUBLISHING, INC _c1988 |
||
| 260 | _aS.L. | ||
| 300 | _a177 | ||
| 650 | _aADMINISTRACION | ||
| 650 | _aANALISIS DE MERCADO | ||
| 650 | _aESTRATEGIAS DE MARKETING | ||
| 650 | _aNEGOCIOS | ||
| 650 | _aPLANEACION | ||
| 710 | _aLORD PUBLISHING, INC. | ||
| 942 | _c01 | ||
| 010 | _a32468 | ||
| 999 |
_c217503 _d217503 |
||